000 01089nam0a2200325 4500
001 RU\NLR\BIBL_A\011517765
005 20260407064620.0
010 _a9785171055431
_95000
021 _aRU
_b2017-75259
_95363
035 _a(RuMoRGB)009413779
035 _a(NLR Aleph) 011517765
090 _a12081074
_c12081074
100 _a20171108d2017 a y0rusy50 ca
101 1 _arus
_cger
102 _aRU
105 _ay|||zzzz0|1ay
200 1 _aНетерпение сердца
_e[роман]
_fСтефан Цвейг
_g[перевод с немецкого Н. Бунина]
210 _aМосква
_cАСТ
_d2017
215 _a446, [1] с.
_d18
225 1 _aЭксклюзивная классика
320 _aДр. произведения авт. на 4-й с. обл.
333 _a12+
675 _a821.112.2
686 _aШ5(4А)61-644
_2rubbk
686 1 _aШ6(4А)67-440.4(Лх1348-50)
700 1 _7ca
_8rus
_aЦвейг
_bС.
_f1881-1942
_gСтефан
_9124620
_3RU\NLR\AUTH\7714958
942 _cBOOK
980 _aNBR